000 00983nam1a22002651i 4500
001 v19\rc\1868402
005 20240726104814.0
035 _a(NLR Aleph) 004960111
090 _a5974709
_c5974709
100 _a20080221d1910 |||y0rusy50 ca
101 0 _arus
102 _aRU
105 _a z |||||
200 1 _aТеоретическая механика
_eКурс мл. и сред. классов Михайл. арт. уч-ща
_fСост. проф., ген.-майор Брикс. Ч. 1-
210 _a[Санкт-Петербург]
_cлит. Михайл. арт. уч-ща
_d1910
215 _d26
300 _aОбщ. загл. ч. 2: Механика
309 _aНаписано от руки. Литогр.
517 0 _aМеханика
700 1 _aБрикс
_bА.А.
_f1858-
_gАндрей Александрович
_4220
801 0 _aRU
_bNLR
_gpsbo
801 0 _aRU
_bRuMoRGB
_2psbo
801 1 _aRU
_bProSoft-M
_2rusmarc
852 _aNLR
_j66-7/983
942 _cBOOK